Представление документа в формате RUSMARC

ПолеНазваниеЗначение
  Тип записи a
  Библиографический уровень m
001 Контрольный номер 4fbda471f7e54537989e596cc9637a9f
005 Дата корректировки 20140617183327.7
010 Индекс ISBN __
a ISBN 978-5-8354-0621-0
010 Индекс ISBN __
a ISBN 978-5-8354-0627-2
101 Язык документа __
a Язык текста rus
102 Страна публикации __
a Страна публикации RU
200 Заглавие и сведения об ответственности __
a Заглавие Сборник задач по гражданскому праву. Ч.II
e Сведения, относящиеся к заглавию учеб.-метод. пособие
b Общее обозначение материала Текст
f Первые сведения об ответственности МГУ им. М. В. Ломоносова
g Последующие сведения об ответственности отв. ред. В.С.Ем, Н.В.Козлова
210 Выходные данные __
d Дата издания 2011
c Издательство Статут
a Место издания М.
215 Физическое описание __
a Объем с. 494, [2]
300 Общие примечания __
a Общие примечания гриф УМО
610 Ключевые слова __
a Ключевые слова гражданское право
610 Ключевые слова __
a Ключевые слова обязательство
610 Ключевые слова __
a Ключевые слова договор
610 Ключевые слова __
a Ключевые слова аренда
610 Ключевые слова __
a Ключевые слова подряд
610 Ключевые слова __
a Ключевые слова возмещение вреда
610 Ключевые слова __
a Ключевые слова учебно-методическое пособие
610 Ключевые слова __
a Ключевые слова мена
610 Ключевые слова __
a Ключевые слова дарение
610 Ключевые слова __
a Ключевые слова рента
610 Ключевые слова __
a Ключевые слова недвижимость
686 Индексы других классификаций __
a Классификационный индекс 67.623я73
2 Код системы rubbk
702 Вторичная интеллектуальная ответственность __
a Фамилия Ем
b Имя В.С.
4 Код отношения 340
702 Вторичная интеллектуальная ответственность __
a Фамилия Козлова
b Имя Н.В.
4 Код отношения 340
711 Наименование организации. (Альтернативная ответственность) __
a Организация/ юрисдикция МГУ им. М. В. Ломоносова
801 Источник записи _0
a Страна RU
b Организация РУК
c Дата составления 20140115
g Правила каталогизации PSBO
801 Источник записи _1
a Страна RU
b Организация РУК
c Дата составления 20140115
g Правила каталогизации PSBO
852 Данные о местонахождении __
i Авторский знак С 23
901 Тип документа __
t Тип документа m
938 Служебная информация __
a Название организации Головной вуз
b Имя БД BOOK
c Название АИБС АИБС ИРБИС